Vía Láctea : (Record no. 22251)

000 -CABECERA
fixed length control field 00961nam a22002057a 4500
003 - IDENTIFICADOR DEL NÚMERO DE CONTROL
control field AR-CdUCM
008 - DATOS DE LONGITUD FIJA--INFORMACIÓN GENERAL
fixed length control field 190425b ||||| |||| 00| 0 spa d
040 ## - FUENTE DE LA CATALOGACIÓN
Agencia/entidad que catalogó originalmente la obra MUNICIPALIDAD PROVINCIAL DEL CUSCO
Entidad que transcribió la catalogación BIBLIOTECA MUNICIPAL DEL CUSCO
082 ## - NÚMERO DE LA CLASIFICACIÓN DECIMAL DEWEY
No. de Clasificación Víalactea/N°4/1999
245 ## - MENCIÓN DE TÍTULO
Título Vía Láctea :
Resto del título pinacoteca de la cultura libre de Cusco /
260 ## - PUBLICACIÓN, DISTRIBUCIÓN, ETC.
Lugar de publicación, distribución, etc. Cusco.
Nombre de la editorial, distribuidor, etc. Víalactea,
Fecha de publicación, distribución, etc. 1999.
300 ## - DESCRIPCIÓN FÍSICA
Nº de Páginas Extensión 14 páginas. :
Otros detalles físicos ilustraciones ;
Dimensiones 41 cm.
440 ## - MENCIÓN DE SERIE/PUNTO DE ACCESO ADICIONAL--TÍTULO
Título Vía Láctea.
Número de la parte/sección de una obra Año I, N°4,marzo 1999.
9 (RLIN) 47757
505 ## - NOTA DE CONTENIDO CON FORMATO
Nota de contenido formateada Contenido: Placer irreverente. -- Tiempos de cambio. -- Puya Raimondi. -- Cambio de signo. -- Número de piedra. -- Cuento Corto. -- La victoria de Víctor Zúñiga. -- Observatorio andino. -- Medicina rural. -- Cusco gastronómico. -- Pueblo capilla. -- Alma Raymi. -- Figueroa y la TV.
650 ## - PUNTO DE ACCESO ADICIONAL DE MATERIA--TÉRMINO DE MATERIA
Descriptor Cultura andina
9 (RLIN) 47758
650 ## - PUNTO DE ACCESO ADICIONAL DE MATERIA--TÉRMINO DE MATERIA
Descriptor Medicina tradicional
9 (RLIN) 14646
650 ## - PUNTO DE ACCESO ADICIONAL DE MATERIA--TÉRMINO DE MATERIA
Descriptor Gastronomía cusqueña
9 (RLIN) 45868
942 ## - ELEMENTOS DE PUNTO DE ACCESO ADICIONAL (KOHA)
Fuente de clasificación
Tipo de item Revistas cusqueñas
945 ## - PROCESAMIENTO DE INFORMACIÓN LOCAL (OCLC)
Catalogador rac
Holdings
Estado de retiro (separado) Fuente de clasificación o esquema de estanterías Estado dañado Ubicación Sala donde se ubica Nombre de la colección Fecha de adquisición o compra Costo, precio normal en soles Signatura topográfica Código de Barras Última vez visto (Koha) Tipo de ítem (Koha)
No     Sala Hemeroteca Sala Hemeroteca Book Cart 2022-03-31 5.00 Víalactea/N°4/1999 REVC000913 2022-03-31 Revistas cusqueñas

Powered by Koha